<?xml version="1.0" encoding="UTF-8"?><?xml-stylesheet type="text/xsl" href="static/style.xsl"?><OAI-PMH xmlns="http://www.openarchives.org/OAI/2.0/" xmlns:xsi="http://www.w3.org/2001/XMLSchema-instance" xsi:schemaLocation="http://www.openarchives.org/OAI/2.0/ http://www.openarchives.org/OAI/2.0/OAI-PMH.xsd"><responseDate>2026-04-13T01:16:10Z</responseDate><request verb="GetRecord" identifier="oai:www.recercat.cat:10256/26480" metadataPrefix="marc">https://recercat.cat/oai/request</request><GetRecord><record><header><identifier>oai:recercat.cat:10256/26480</identifier><datestamp>2025-02-27T20:32:20Z</datestamp><setSpec>com_2072_452955</setSpec><setSpec>com_2072_2054</setSpec><setSpec>col_2072_452960</setSpec></header><metadata><record xmlns="http://www.loc.gov/MARC21/slim" xmlns:dcterms="http://purl.org/dc/terms/" xmlns:xsi="http://www.w3.org/2001/XMLSchema-instance" xmlns:doc="http://www.lyncode.com/xoai" xsi:schemaLocation="http://www.loc.gov/MARC21/slim http://www.loc.gov/standards/marcxml/schema/MARC21slim.xsd">
   <leader>00925njm 22002777a 4500</leader>
   <datafield ind2=" " ind1=" " tag="042">
      <subfield code="a">dc</subfield>
   </datafield>
   <datafield ind2=" " ind1=" " tag="720">
      <subfield code="a">Margara, Andrea</subfield>
      <subfield code="e">author</subfield>
   </datafield>
   <datafield ind2=" " ind1=" " tag="720">
      <subfield code="a">Siquier-Dameto, Gabriel</subfield>
      <subfield code="e">author</subfield>
   </datafield>
   <datafield ind2=" " ind1=" " tag="720">
      <subfield code="a">Dell'Avanzato, Roberto</subfield>
      <subfield code="e">author</subfield>
   </datafield>
   <datafield ind2=" " ind1=" " tag="720">
      <subfield code="a">Cigni, Clara</subfield>
      <subfield code="e">author</subfield>
   </datafield>
   <datafield ind2=" " ind1=" " tag="720">
      <subfield code="a">Grimolizzi, Franco</subfield>
      <subfield code="e">author</subfield>
   </datafield>
   <datafield ind2=" " ind1=" " tag="720">
      <subfield code="a">Bellia, Gilberto</subfield>
      <subfield code="e">author</subfield>
   </datafield>
   <datafield ind2=" " ind1=" " tag="260">
      <subfield code="c">2024-08-19</subfield>
   </datafield>
   <datafield ind2=" " ind1=" " tag="520">
      <subfield code="a">Background: The Profhilo® Body Kit is indicated for the treatment of skin laxity of the body and consists of the Profhilo® Body hyaluronic acid (HA) injectable, the HA-containing Profhilo® Figura Body Patch and the Profhilo® Figura Body Cream. Aim: To assess real-world data of patient-reported satisfaction associated with the Profhilo® Body Kit treatment for skin laxity of the inner arms, abdomen, décolleté, and knees. Methods: The Profhilo® Body injection and Profhilo® Figura Body Patch were administered on Day 0 and Day 30; the Profhilo® Figura Body Cream was applied daily between the two injections. Surveys were conducted using a web app tool (Day 0, Day 30 and 30-days after second injection) and assessed patient discomfort (Visual Analogue Scale), treatment effectiveness, and psychological and social function (effects assessed using four categories: 'not at all', 'a little', 'a lot' and 'very much'). Results: Patients (N=50; 83% female) were treated at centres in Italy (n=35) and in the Netherlands (n=15). Most patients had no/mild procedure-related pain (86%) and the majority of post-injection symptoms disappeared within 48 hours (94%). Over 80% of patients reported that treatment benefited them 'a lot' and 'very much', with improvements in skin laxity, skin hydration and skin firmness/tone; beneficial treatment effects were also reported for enhancement of body image, appearance and improvement in relationships. Discussion and Conclusions: These results indicate a high-level of patient-reported satisfaction due to the Profhilo® Body Kit and this contributes to the growing body of evidence supporting the use of Profhilo® Body for the treatment of skin laxity</subfield>
   </datafield>
   <datafield ind1="8" ind2=" " tag="024">
      <subfield code="a">http://hdl.handle.net/10256/26480</subfield>
   </datafield>
   <datafield tag="653" ind2=" " ind1=" ">
      <subfield code="a">Cirurgia plàstica</subfield>
   </datafield>
   <datafield tag="653" ind2=" " ind1=" ">
      <subfield code="a">Plastic surgery</subfield>
   </datafield>
   <datafield tag="653" ind2=" " ind1=" ">
      <subfield code="a">Pell -- Cura i higiene</subfield>
   </datafield>
   <datafield tag="653" ind2=" " ind1=" ">
      <subfield code="a">Skin -- Care and hygiene</subfield>
   </datafield>
   <datafield ind2="0" ind1="0" tag="245">
      <subfield code="a">Body Skin laxity treatment using hybrid cooperative complexes of hyaluronans: a real-world data evaluation of patient-reported satisfaction</subfield>
   </datafield>
</record></metadata></record></GetRecord></OAI-PMH>